[Event "GER-ch 65th"]
[Site "Bad Wildbad"]
[Date "1993.??.??"]
[Round "8"]
[White "Siepelt, Heiner"]
[Black "Meyer, Ingo"]
[Result "1-0"]
[WhiteElo "2320"]
[BlackElo "2280"]
[EventDate "1993.11.??"]
[PlyCount "43"]

1. Nf3 Nf6 2. g3 b6 3. Bg2 Bb7 4. O-O e6 5. d3 d5 6. Nbd2 Be7 7. e4 O-O 8. e5 Nfd7 9. Re1 c5 10. Nf1 Nc6 11. h4 b5 12. N1h2 Nb6 13. Ng5 h6 14. Nh3 a5 15. Ng4 Re8 16. Nxh6+ gxh6 17. Qg4+ Kh8 18. Qh5 Bf8 19. Bxh6 Bxh6 20. Qxh6+ Kg8 21. Ng5 Qc7 22. Nh7 1-0

[Event "GER-ch 65th"]
[Site "Bad Wildbad"]
[Date "1993.??.??"]
[Round "8"]
[White "Voekler, Bernd"]
[Black "Zude, Arno"]
[Result "1/2-1/2"]
[WhiteElo "2335"]
[BlackElo "2440"]
[EventDate "1993.11.??"]
[PlyCount "110"]

1. e4 e5 2. Nf3 Nc6 3. Bb5 a6 4. Ba4 d6 5. Bxc6+ bxc6 6. d4 f6 7. c4 Be6 8. Be3 Ne7 9. Qc2 Ng6 10. Nbd2 Be7 11. h3 O-O 12. g4 Qb8 13. d5 Bd7 14. O-O Qb7 15. Rfc1 Rfc8 16. Qb3 Rab8 17. Qxb7 Rxb7 18. Rc2 Bf8 19. Rac1 Ne7 20. Nb3 Rb4 21. Nfd2 Rcb8 22. Ba7 Ra8 23. Be3 a5 24. Rb1 cxd5 25. cxd5 c6 26. dxc6 Bxc6 27. f3 a4 28. Nc1 Rbb8 29. b4 Bb5 30. a3 Rc8 31. Rbb2 Kf7 32. Kf2 Ke6 33. Ne2 Bd3 34. Rc3 Rxc3 35. Nxc3 d5 36. exd5+ Nxd5 37. Nde4 Rc8 38. Nxa4 Bxe4 39. fxe4 Nxe3 40. Kxe3 Ra8 41. Nc3 Rxa3 42. Kd3 Ra8 43. Kc2 Rb8 44. b5 Bc5 45. Nd5 Bd4 46. Rb1 Kd6 47. Kd3 Rc8 48. Rb4 Rb8 49. Rb3 Kc5 50. Rb1 Rb7 51. Rc1+ Kxb5 52. Rc7 Ka6 53. Kc4 Ka7 54. Rxb7+ Kxb7 55. Ne7 Kc7 1/2-1/2

[Event "GER-ch 65th"]
[Site "Bad Wildbad"]
[Date "1993.??.??"]
[Round "9"]
[White "Beikert, Guenther"]
[Black "Zeller, Frank"]
[Result "1-0"]
[WhiteElo "2415"]
[BlackElo "2290"]
[EventDate "1993.11.??"]
[PlyCount "103"]

1. d4 Nf6 2. Nf3 d5 3. c4 e6 4. g3 Bb4+ 5. Bd2 Be7 6. Bg2 O-O 7. O-O c6 8. Bc3 dxc4 9. a4 b5 10. axb5 cxb5 11. Ba5 Qe8 12. Ne5 Nd5 13. b3 cxb3 14. Qxb3 Bb7 15. Nc3 Nxc3 16. Bxb7 Nxe2+ 17. Kg2 Nd7 18. Qe3 Nxd4 19. Qxd4 Nxe5 20. Qxe5 Bf6 21. Qe4 Bxa1 22. Rxa1 Rb8 23. Bc7 f5 24. Qf3 Rf7 25. Bc6 Rxc7 26. Bxe8 Rxe8 27. Qb3 Rb7 28. Ra5 a6 29. Rxa6 Kf7 30. Qf3 Reb8 31. Qc6 Re7 32. Rb6 Rxb6 33. Qxb6 b4 34. Qxb4 Rd7 35. Qh4 h6 36. Qh5+ Kf6 37. Qe8 Re7 38. Qf8+ Rf7 39. Qd8+ Re7 40. Kf3 Kf7 41. Kf4 Rb7 42. Qd3 Ra7 43. Qb5 Kf6 44. Qe8 Rc7 45. Qd8+ Re7 46. h3 e5+ 47. Ke3 h5 48. Qh8 Kg6 49. h4 Re6 50. Qf8 e4 51. Kf4 Rf6 52. Qe8+ 1-0

[Event "GER-ch 65th"]
[Site "Bad Wildbad"]
[Date "1993.??.??"]
[Round "9"]
[White "Bezold, Michael"]
[Black "Paehtz, Thomas Sr"]
[Result "1/2-1/2"]
[WhiteElo "2490"]
[BlackElo "2470"]
[EventDate "1993.11.??"]
[PlyCount "29"]

1. d4 Nf6 2. Nf3 g6 3. Nc3 d5 4. Bf4 c6 5. e3 Nh5 6. Be5 f6 7. Bxb8 Rxb8 8. Be2 Qb6 9. a3 Qc7 10. O-O Bh6 11. Na4 Ng7 12. Rc1 Nf5 13. Kh1 e5 14. Qd2 e4 15. Ng1 1/2-1/2

[Event "GER-ch 65th"]
[Site "Bad Wildbad"]
[Date "1993.??.??"]
[Round "9"]
[White "Guenthner, Oliver"]
[Black "Espig, Lutz"]
[Result "0-1"]
[WhiteElo "2260"]
[BlackElo "2455"]
[EventDate "1993.11.??"]
[PlyCount "86"]

1. Nf3 c5 2. c4 g6 3. e3 Bg7 4. d4 Nf6 5. Nc3 O-O 6. Be2 cxd4 7. exd4 d5 8. O-O Nc6 9. h3 b6 10. Be3 Bb7 11. Rc1 Rc8 12. b3 dxc4 13. d5 Nb4 14. bxc4 Nd7 15. Qd2 Na6 16. Nb5 Ra8 17. Bh6 Nac5 18. Nbd4 Re8 19. Bxg7 Kxg7 20. Rfd1 Nf6 21. Ne5 Ncd7 22. f4 Qc7 23. Qe3 Nc5 24. Nb5 Qb8 25. Bf3 a6 26. Nd4 Qc7 27. f5 Ncd7 28. Ndc6 Bxc6 29. Nxc6 Qd6 30. Rb1 b5 31. cxb5 axb5 32. Rd2 Ra3 33. Rb3 Rxb3 34. axb3 Nc5 35. b4 Na6 36. fxg6 hxg6 37. Qd4 Nc7 38. g4 Qg3+ 39. Bg2 Ncxd5 40. Rd3 Qe1+ 41. Kh2 e5 42. Qb2 Nf4 43. Rd8 Ne2 0-1

[Event "GER-ch 65th"]
[Site "Bad Wildbad"]
[Date "1993.??.??"]
[Round "9"]
[White "Gutman, Lev"]
[Black "Renner, Christoph"]
[Result "1-0"]
[WhiteElo "2450"]
[BlackElo "2385"]
[EventDate "1993.11.??"]
[PlyCount "125"]

1. d4 f5 2. g3 Nf6 3. Bg2 d6 4. Nh3 e6 5. c3 Be7 6. Nf4 e5 7. Nd5 Nxd5 8. Bxd5 c6 9. Bg2 O-O 10. dxe5 dxe5 11. Qb3+ Kh8 12. Nd2 Nd7 13. Nc4 Qc7 14. Qc2 Nf6 15. O-O Be6 16. Nd2 Rad8 17. Nf3 Bd6 18. b3 Bc8 19. Bg5 Qf7 20. Rad1 h6 21. Be3 Nd5 22. Bc1 e4 23. Nd4 Be5 24. e3 c5 25. Ne2 b6 26. a3 Bb7 27. c4 Nf6 28. Bb2 Qe7 29. Bxe5 Qxe5 30. Rd2 Rxd2 31. Qxd2 Qc7 32. Rd1 Rf7 33. Qd8+ Kh7 34. Nf4 Qxd8 35. Rxd8 Rd7 36. Rb8 Ba6 37. Bf1 g5 38. Ne6 Re7 39. Ra8 Ng4 40. b4 Kg6 41. Nd8 cxb4 42. axb4 Rc7 43. b5 Rc8 44. Rxa7 Bxb5 45. Nf7 Be8 46. Nd6 Rd8 47. Nxe8 Rxe8 48. Ra6 Kf6 49. c5 Ke5 50. h3 Nf6 51. cxb6 Rb8 52. Ra5+ Kd6 53. Rxf5 Nd5 54. Bg2 Ke6 55. g4 Rxb6 56. Bxe4 Nf6 57. Bd3 Rc6 58. Ra5 Rb6 59. Kg2 Rc6 60. Ra8 h5 61. Ra5 hxg4 62. hxg4 Rc3 63. Bb1 1-0

[Event "GER-ch 65th"]
[Site "Bad Wildbad"]
[Date "1993.??.??"]
[Round "9"]
[White "Kindl, Peter"]
[Black "Berndt, Klaus"]
[Result "1-0"]
[WhiteElo "2335"]
[BlackElo "2285"]
[EventDate "1993.11.??"]
[PlyCount "61"]

1. d4 e6 2. c4 Bb4+ 3. Nd2 Nf6 4. a3 Bxd2+ 5. Bxd2 O-O 6. Bg5 d6 7. Nf3 Nbd7 8. e3 Qe7 9. Be2 e5 10. O-O h6 11. Bh4 e4 12. Nd2 g5 13. Bg3 Re8 14. c5 dxc5 15. Bxc7 cxd4 16. exd4 Nd5 17. Bg3 f5 18. Bc4 N7b6 19. Be5 Be6 20. Bb3 Kh7 21. g3 Rg8 22. Qe2 Rac8 23. Rac1 Rxc1 24. Rxc1 Nf4 25. gxf4 gxf4+ 26. Kh1 f3 27. Qf1 Bxb3 28. Rc7 Nd7 29. Nxb3 b6 30. Qb5 Rd8 31. Qd5 1-0

[Event "GER-ch 65th"]
[Site "Bad Wildbad"]
[Date "1993.??.??"]
[Round "9"]
[White "Knuth, Hannes"]
[Black "Nagendra, Rentala"]
[Result "0-1"]
[WhiteElo "2360"]
[BlackElo "2315"]
[EventDate "1993.11.??"]
[PlyCount "82"]

1. d4 d5 2. c4 dxc4 3. Nf3 a6 4. e3 c5 5. Bxc4 e6 6. O-O Nf6 7. Qe2 b5 8. Bb3 Bb7 9. Rd1 Nbd7 10. a4 b4 11. a5 cxd4 12. exd4 Be7 13. Nbd2 O-O 14. Nc4 Bc6 15. Bg5 Nd5 16. Bxe7 Qxe7 17. Rac1 Bb5 18. Qd2 Rac8 19. Ne3 Nf4 20. Nf5 exf5 21. Qxf4 Rxc1 22. Qxc1 Qd8 23. Re1 h6 24. Qf4 Qxa5 25. Qxf5 Qc7 26. Nh4 Nf6 27. Ng6 Re8 28. Ne5 Re7 29. f4 Bd7 30. Qd3 Bb5 31. Qd2 a5 32. Rc1 Qb7 33. Qc2 Be8 34. Qc8 Qe4 35. Nf3 Qe3+ 36. Kh1 Qxb3 37. Qc5 Qxb2 38. Rf1 Re2 39. Qxa5 Rxg2 40. Qd8 Qe2 41. Rg1 Rxg1+ 0-1

[Event "GER-ch 65th"]
[Site "Bad Wildbad"]
[Date "1993.??.??"]
[Round "9"]
[White "Luther, Thomas"]
[Black "Hickl, Joerg"]
[Result "1/2-1/2"]
[WhiteElo "2480"]
[BlackElo "2570"]
[EventDate "1993.11.??"]
[PlyCount "51"]

1. e4 g6 2. d4 Bg7 3. Nc3 d6 4. f4 Nf6 5. Nf3 O-O 6. Bd3 Na6 7. O-O c5 8. d5 Rb8 9. e5 Ne8 10. Kh1 Nac7 11. a4 a6 12. a5 Bg4 13. Qe1 Bxf3 14. Rxf3 e6 15. dxe6 Nxe6 16. f5 Nd4 17. f6 Nxf3 18. gxf3 Nxf6 19. exf6 Bxf6 20. Nd5 Be5 21. f4 Bg7 22. Qe7 Qxe7 23. Nxe7+ Kh8 24. Nd5 Rfe8 25. Bd2 Bxb2 26. Rb1 1/2-1/2

[Event "GER-ch 65th"]
[Site "Bad Wildbad"]
[Date "1993.??.??"]
[Round "9"]
[White "Menacher, Manfred"]
[Black "Sieglen, Joachim"]
[Result "0-1"]
[WhiteElo "2280"]
[BlackElo "2415"]
[EventDate "1993.11.??"]
[PlyCount "62"]

1. e4 e6 2. d4 d5 3. Nc3 Bb4 4. e5 c5 5. a3 Bxc3+ 6. bxc3 Ne7 7. h4 Nbc6 8. h5 h6 9. Qg4 Nf5 10. Bd3 O-O 11. Qf4 c4 12. Be2 f6 13. Qh2 fxe5 14. dxe5 d4 15. g4 Qa5 16. Rb1 Qxc3+ 17. Bd2 Qxc2 18. Rc1 Qe4 19. f3 Qxe5 20. Qxe5 Nxe5 21. gxf5 c3 22. Bf4 Rxf5 23. Bxe5 Rxe5 24. Kd1 Bd7 25. Kc2 Ba4+ 26. Kb1 Rd8 27. Bd3 Re3 28. Bg6 d3 29. Rh4 b5 30. Bxd3 Rdxd3 31. Re4 Rxe4 0-1

[Event "GER-ch 65th"]
[Site "Bad Wildbad"]
[Date "1993.??.??"]
[Round "9"]
[White "Meyer, Ingo"]
[Black "Haag, Martin"]
[Result "1-0"]
[WhiteElo "2280"]
[BlackElo "2290"]
[EventDate "1993.11.??"]
[PlyCount "127"]

1. d4 d5 2. Nf3 Nc6 3. g3 Bf5 4. Bg2 Nb4 5. Na3 e6 6. O-O Nf6 7. c4 c6 8. Bd2 a5 9. Nh4 Bg4 10. Re1 Be7 11. h3 Bh5 12. cxd5 exd5 13. Nf5 O-O 14. Qb3 Bg6 15. Nxe7+ Qxe7 16. Rac1 Rfe8 17. Nb1 Bxb1 18. Rxb1 Ne4 19. Bc3 Qc7 20. a3 Na6 21. Qc2 Nb8 22. b4 axb4 23. Bxb4 Nd7 24. Rb3 Nb6 25. Ra1 Nc4 26. a4 h5 27. Be1 f5 28. Rb4 b5 29. Rc1 Rab8 30. axb5 Rxb5 31. Rxb5 cxb5 32. Qb3 Rb8 33. Qb4 f4 34. g4 hxg4 35. hxg4 Rb6 36. Qb1 Qd7 37. Rxc4 dxc4 38. Qxe4 Rd6 39. Bc3 b4 40. Qa8+ Qd8 41. Qxd8+ Rxd8 42. Bxb4 Rxd4 43. Bc6 Kh7 44. f3 g6 45. Be4 Kh6 46. Kf2 Rd7 47. Ke1 Kg5 48. Bd2 Rd6 49. Bb1 Ra6 50. Kd1 Rd6 51. Kc1 Ra6 52. Be4 Rd6 53. Kc2 Rd7 54. Kb2 Ra7 55. Bb4 Kf6 56. Bc3+ Kg5 57. Bd5 Rc7 58. Bb4 Kf6 59. Kc3 Ke5 60. Bxc4 Rc8 61. Ba3 Rc7 62. Bb2 g5 63. Kd3+ Kd6 64. Bf6 1-0

[Event "GER-ch 65th"]
[Site "Bad Wildbad"]
[Date "1993.??.??"]
[Round "9"]
[White "Michaelsen, Nils"]
[Black "Lochte, Thomas"]
[Result "1-0"]
[WhiteElo "2435"]
[BlackElo "2265"]
[EventDate "1993.11.??"]
[PlyCount "83"]

1. d4 Nf6 2. c4 e5 3. dxe5 Ng4 4. Bf4 Bb4+ 5. Nd2 d6 6. exd6 Qf6 7. Nh3 Nxf2 8. Kxf2 Bxh3 9. g3 Bc5+ 10. e3 g5 11. Ne4 Qxb2+ 12. Qe2 Qxa1 13. Nxc5 Bxf1 14. Rxf1 Qg7 15. dxc7 Nc6 16. Qg4 O-O 17. Qxg5 Qxg5 18. Bxg5 f6 19. Bf4 Ne5 20. Rd1 Rac8 21. Nd7 Rf7 22. Nxe5 fxe5 23. Rd8+ Rf8 24. Rxc8 Rxc8 25. Bxe5 Kf7 26. Kf3 Ke6 27. Ke4 Rf8 28. g4 Kd7 29. h4 Rf2 30. a3 Rg2 31. Kf5 Rf2+ 32. Bf4 Rc2 33. g5 Rxc4 34. h5 Ke8 35. g6 Rc5+ 36. Be5 hxg6+ 37. hxg6 b5 38. g7 Kf7 39. g8=Q+ Kxg8 40. Ke6 Kh7 41. Bd6 Rc4 42. Kd5 1-0

[Event "GER-ch 65th"]
[Site "Bad Wildbad"]
[Date "1993.??.??"]
[Round "9"]
[White "Moehring, Guenther"]
[Black "Bastian, Herbert"]
[Result "1/2-1/2"]
[WhiteElo "2345"]
[BlackElo "2300"]
[EventDate "1993.11.??"]
[PlyCount "104"]

1. Nf3 Nf6 2. g3 g6 3. b3 Bg7 4. Bb2 d6 5. d4 O-O 6. Bg2 Nbd7 7. O-O c5 8. c4 a6 9. Nc3 Rb8 10. dxc5 dxc5 11. Qc2 b5 12. Nd2 Bb7 13. Bxb7 Rxb7 14. cxb5 axb5 15. a4 bxa4 16. Nxa4 Qb8 17. Rfc1 Rc8 18. Ra3 Qd6 19. Ne4 Nxe4 20. Qxe4 Rcb8 21. Bxg7 Kxg7 22. Qc2 Kg8 23. Rd1 Qe6 24. Rd3 c4 25. bxc4 Rb1+ 26. Rd1 Rxd1+ 27. Qxd1 Qxc4 28. Rd3 Ne5 29. Rd8+ Rxd8 30. Qxd8+ Kg7 31. Qd1 Qb4 32. Qc2 f6 33. Nc3 Qc5 34. Qd2 Ng4 35. Ne4 Qb6 36. Qf4 f5 37. Nd2 e5 38. Qf3 Qd4 39. Nf1 e4 40. Qf4 Kf6 41. Ne3 Nxe3 42. Qxe3 Qxe3 43. fxe3 g5 44. h3 h5 45. Kf2 Ke5 46. Ke1 Ke6 47. Kd2 Kd6 48. h4 gxh4 49. gxh4 Ke5 50. Kc3 Kd5 51. Kb4 Kd6 52. Kc4 Kc6 1/2-1/2

[Event "GER-ch 65th"]
[Site "Bad Wildbad"]
[Date "1993.??.??"]
[Round "9"]
[White "Niermann, Michael"]
[Black "Braeuning, Rudolf Wilhelm"]
[Result "1-0"]
[WhiteElo "2215"]
[BlackElo "2305"]
[EventDate "1993.11.??"]
[PlyCount "111"]

1. Nf3 c5 2. g3 Nc6 3. Bg2 e5 4. d3 g6 5. O-O Bg7 6. e4 Nge7 7. c3 O-O 8. a3 h6 9. b4 d6 10. Be3 b6 11. Ra2 Be6 12. Re2 Qd7 13. Ne1 Rad8 14. b5 Na5 15. c4 f5 16. f3 g5 17. Bd2 g4 18. Bxa5 bxa5 19. Qa4 a6 20. Qxa5 axb5 21. cxb5 fxe4 22. fxe4 Qb7 23. Rb2 c4 24. Nd2 Rxf1+ 25. Bxf1 Ra8 26. Qb4 Qb6+ 27. Kg2 Nd5 28. exd5 Bxd5+ 29. Ne4 Rf8 30. Re2 Qb7 31. Qd2 cxd3 32. Qxd3 Qf7 33. Re3 Qf2+ 34. Kh1 Qxf1+ 35. Qxf1 Rxf1+ 36. Kg2 Rf8 37. Kg1 Bxe4 38. Rxe4 d5 39. Rxg4 e4 40. Rg6 Rb8 41. a4 Ra8 42. Ra6 Bd4+ 43. Kg2 Rf8 44. Rd6 Rf2+ 45. Kh3 Ra2 46. b6 Rxa4 47. b7 Ba7 48. Rd8+ Kf7 49. Ra8 Rb4 50. Rxa7 Ke6 51. Nc2 Rb2 52. Nd4+ Kd6 53. Ra6+ Kc5 54. Ne6+ Kc4 55. Rc6+ Kd3 56. Rc8 1-0

[Event "GER-ch 65th"]
[Site "Bad Wildbad"]
[Date "1993.??.??"]
[Round "9"]
[White "Pirrot, Dieter"]
[Black "Movsziszian, Karen"]
[Result "1/2-1/2"]
[WhiteElo "2400"]
[BlackElo "2480"]
[EventDate "1993.11.??"]
[PlyCount "93"]

1. e4 c5 2. c3 g6 3. d4 cxd4 4. cxd4 d5 5. exd5 Nf6 6. Nc3 Nxd5 7. Qb3 Nb6 8. d5 Bg7 9. Be3 O-O 10. Rd1 N6d7 11. g3 b6 12. Bg2 Bb7 13. Nge2 e5 14. O-O Na6 15. f4 Nac5 16. Qc2 exf4 17. Bxf4 Nf6 18. Nd4 Nh5 19. Nc6 Qd7 20. Be5 a5 21. Rfe1 Rfe8 22. Qf2 Nd3 23. Rxd3 Bxc6 24. Bxg7 Rxe1+ 25. Qxe1 Nxg7 26. Re3 Bb5 27. Re7 Qd6 28. Nxb5 Qc5+ 29. Qf2 Qxe7 30. d6 Qe5 31. Bxa8 Qxb5 32. a4 Qb3 33. Qd4 Qb4 34. Qxb4 axb4 35. Kf2 Kf8 36. Kf3 Nf5 37. Ke4 Nxd6+ 38. Kd5 Ke7 39. Kc6 b3 40. Kxb6 Nc4+ 41. Kb5 Nxb2 42. Bd5 Nxa4 43. Kxa4 b2 44. Ba2 f5 45. Ka3 Kf6 46. Kxb2 f4 47. gxf4 1/2-1/2

[Event "GER-ch 65th"]
[Site "Bad Wildbad"]
[Date "1993.??.??"]
[Round "9"]
[White "Raupp, Thomas"]
[Black "Hedke, Fred"]
[Result "1-0"]
[WhiteElo "2360"]
[BlackElo "2345"]
[EventDate "1993.11.??"]
[PlyCount "53"]

1. c4 e6 2. Nf3 Nf6 3. g3 Be7 4. Bg2 O-O 5. O-O d5 6. b3 b6 7. Bb2 Bb7 8. e3 Nbd7 9. Qe2 Re8 10. d3 Nf8 11. Nbd2 c5 12. e4 d4 13. e5 N6d7 14. h4 Qc7 15. Rae1 a5 16. a4 Ng6 17. h5 Ngf8 18. Bc1 Nb8 19. Ne4 Nc6 20. Bf4 Ra7 21. Qd2 Nd7 22. Nf6+ gxf6 23. exf6 e5 24. Nxe5 Ncxe5 25. Bxe5 Nxe5 26. Qg5+ Ng6 27. Qh6 1-0

[Event "GER-ch 65th"]
[Site "Bad Wildbad"]
[Date "1993.??.??"]
[Round "9"]
[White "Riegler, Dieter"]
[Black "Stolz, Mike"]
[Result "0-1"]
[WhiteElo "2240"]
[BlackElo "2280"]
[EventDate "1993.11.??"]
[PlyCount "78"]

1. d4 Nf6 2. c4 g6 3. Nc3 Bg7 4. e4 d6 5. f4 O-O 6. Nf3 Na6 7. Be2 e5 8. fxe5 dxe5 9. d5 Nc5 10. Bg5 h6 11. Bxf6 Qxf6 12. b4 Na6 13. a3 c5 14. b5 Nb8 15. O-O Nd7 16. Qd2 Nb6 17. a4 Bd7 18. a5 Nc8 19. d6 Rd8 20. Rad1 Bf8 21. Nd5 Qxd6 22. Qc3 Bg7 23. Nb6 axb6 24. Rxd6 Nxd6 25. axb6 Nxe4 26. Qe3 f5 27. Rd1 Be6 28. Rxd8+ Rxd8 29. g3 g5 30. g4 Nd6 31. gxf5 Nxf5 32. Qxc5 e4 33. Qc7 Rc8 34. Qxb7 exf3 35. Bxf3 Bd4+ 36. Kh1 Rxc4 37. Qa8+ Kg7 38. Qa3 Rc3 39. Qe7+ Kg6 0-1

[Event "GER-ch 65th"]
[Site "Bad Wildbad"]
[Date "1993.??.??"]
[Round "9"]
[White "Schmidt Schaeffer, Sebastian"]
[Black "Voekler, Bernd"]
[Result "1/2-1/2"]
[WhiteElo "2275"]
[BlackElo "2335"]
[EventDate "1993.11.??"]
[PlyCount "82"]

1. d4 Nf6 2. e3 g6 3. Be2 Bg7 4. Nf3 O-O 5. O-O d6 6. c4 Nbd7 7. Nc3 e5 8. b3 Re8 9. Qc2 Qe7 10. Ba3 e4 11. Nd2 Nf8 12. c5 d5 13. Nb5 c6 14. Nd6 Rd8 15. Rae1 Ne8 16. f3 f5 17. fxe4 dxe4 18. Nxc8 Raxc8 19. g4 Qg5 20. Kh1 Kh8 21. Nc4 Rc7 22. gxf5 gxf5 23. Rg1 Qh6 24. Ref1 Rf7 25. Bb4 Ne6 26. Be1 N6c7 27. Ba5 Rdd7 28. Bxc7 Rxc7 29. Rg2 Rce7 30. Rgf2 Qh3 31. Qd1 Bh6 32. Bh5 Rg7 33. Bxe8 Rxe8 34. Qe2 Reg8 35. Re1 b5 36. cxb6 axb6 37. Qf1 Rg1+ 38. Qxg1 Rxg1+ 39. Rxg1 Bxe3 40. Nxe3 Qxe3 41. Rxf5 h6 1/2-1/2

[Event "GER-ch 65th"]
[Site "Bad Wildbad"]
[Date "1993.??.??"]
[Round "9"]
[White "Seils, Joerg"]
[Black "Rausch, Stephan"]
[Result "1-0"]
[WhiteElo "2355"]
[BlackElo "2315"]
[EventDate "1993.11.??"]
[PlyCount "93"]

1. e4 e6 2. d4 d5 3. Nc3 Bb4 4. e5 Ne7 5. Bd2 O-O 6. a3 Bxc3 7. Bxc3 b6 8. h4 Ba6 9. Bxa6 Nxa6 10. Qd3 Nb8 11. Nf3 h6 12. g4 c5 13. Bd2 cxd4 14. Ng5 hxg5 15. hxg5 Ng6 16. Qh3 f6 17. gxf6 Kf7 18. fxg7 Rg8 19. O-O-O Nc6 20. f4 Ke8 21. Qh7 Nce7 22. f5 Nxe5 23. Qh5+ N5g6 24. Bg5 Kd7 25. fxg6 Rc8 26. Rxd4 Qc7 27. Rd2 Qc4 28. Kb1 Qe4 29. Bf6 Qf4 30. Qg5 Qxg5 31. Bxg5 Nxg6 32. Bf6 Rce8 33. Rh6 Ne7 34. c4 Kd6 35. Bc3 Kd7 36. Re2 Nc8 37. cxd5 exd5 38. Rd2 Ne7 39. Rf2 Nc6 40. Rf7+ Re7 41. Rf8 Rexg7 42. Bxg7 Rxg7 43. Rf5 Ne7 44. Re5 Kc7 45. g5 Kd7 46. Rf6 Kd8 47. Kc2 1-0

[Event "GER-ch 65th"]
[Site "Bad Wildbad"]
[Date "1993.??.??"]
[Round "9"]
[White "Zude, Arno"]
[Black "Siepelt, Heiner"]
[Result "1-0"]
[WhiteElo "2440"]
[BlackElo "2320"]
[EventDate "1993.11.??"]
[PlyCount "111"]

1. e4 g6 2. d4 c6 3. Nc3 d5 4. Nf3 Bg4 5. Be3 e6 6. h3 Bxf3 7. Qxf3 Bg7 8. O-O-O Nd7 9. h4 h5 10. Bg5 f6 11. Be3 Nh6 12. Bd3 f5 13. exf5 exf5 14. Bg5 Nf6 15. Qf4 Kf7 16. f3 Qb8 17. Qd2 b5 18. Rdf1 Qb6 19. Ne2 Rae8 20. Nf4 Qxd4 21. c3 Qc5 22. g4 hxg4 23. h5 gxf3 24. hxg6+ Kg8 25. Bxf6 Bxf6 26. g7 Bxg7 27. Nh5 Qe3 28. Rhg1 Qxd2+ 29. Kxd2 Re7 30. Rg5 Ng4 31. Bxf5 Rxh5 32. Rxh5 Re2+ 33. Kc1 Bh6+ 34. Kb1 f2 35. Rxf2 Nxf2 36. Rxh6 Re5 37. Bd7 Re2 38. Rh2 Re1+ 39. Kc2 Ne4 40. Bxc6 Nf6 41. Bxb5 Kf7 42. Rh8 Re7 43. Rd8 Ke6 44. a4 Rc7 45. Kb3 Rb7 46. Ra8 Ne4 47. Kb4 Nd6 48. Ka5 d4 49. cxd4 Nxb5 50. axb5 Kd5 51. Rc8 Kxd4 52. b4 Kd5 53. Rc5+ Kd6 54. Ka6 Rh7 55. b6 axb6 56. Kxb6 1-0